MARC

LEADER 00000naa2a2200000 4500
001 612523
005 20260424112407.0
035 |a (RuTPU)RU\TPU\conf\10645 
035 |a RU\TPU\conf\10643 
090 |a 612523 
100 |a 20150618d2014 k y0rusy50 ca 
101 0 |a rus 
102 |a RU 
135 |a drgn ---uucaa 
181 0 |a i  
182 0 |a b 
200 1 |a Подводные тайны Арктики  |f А. С. Мишунина  |g науч. рук. К. М. Минаев 
203 |a Текст  |c электронный 
225 1 |a Глобальные экологические проблемы Земли в условиях дефицита водных ресурсов и освоения шельфа океанов 
300 |a Заглавие с титульного экрана 
320 |a [Библиогр.: с. 301 (1 назв.)] 
337 |a Adobe Reader 
463 1 |0 (RuTPU)RU\TPU\conf\10372  |t Творчество юных - шаг в успешное будущее  |o материалы VII Всероссийской научной студенческой конференции с элементами научной школы имени профессора М.К. Коровина, г. Томск, 10-14 ноября 2014 г.  |f Национальный исследовательский Томский политехнический университет (ТПУ) ; под ред. А. Ю. Дмитриева  |v [С. 299-301]  |d 2014 
610 1 |a труды учёных ТПУ 
610 1 |a электронный ресурс 
610 1 |a подводный мир 
610 1 |a Арктика 
610 1 |a экологический контроль 
610 1 |a морские льды 
700 1 |a Мишунина  |b А. С.  |c специалист в области нефтепромыслового оборудования  |c лаборант кафедры Томского политехнического университета  |f 1991-  |g Александра Сергеевна  |3 (RuTPU)RU\TPU\pers\32952  |9 16800 
702 1 |a Минаев  |b К. М.  |c специалист в области нефтегазового дела  |c инженер Томского политехнического университета  |f 1982-  |g Константин Мадестович  |4 727 
712 0 2 |a Национальный исследовательский Томский политехнический университет (ТПУ)  |b Институт природных ресурсов (ИПР)  |b Кафедра бурения скважин (БС)  |3 (RuTPU)RU\TPU\col\18666 
801 2 |a RU  |b 63413507  |c 20161015  |g RCR 
856 4 |u http://www.lib.tpu.ru/fulltext/c/2015/C66/110.pdf 
942 |c BK